Statistics for US Geographic Features & Landforms

Click here to take the quiz!

General Stats

  • This quiz has been taken 76 times
  • The average score is 13 of 18

Answer Stats

Answer% Correct
Great Salt Lake
97%
Lake Michigan
94%
Everglades | Florida Keys
89%
Lake Huron
89%
Cape Cod
80%
Grand Canyon
76%
Mount St Helen's
76%
Aleutian Islands
70%
San Francisco Bay
70%
Chesapeake Bay | Delmarva Peninsula
68%
Death Valley
66%
Puget Sound
65%
Mississippi River Delta
63%
Lake Champlain
62%
Mauna Loa / Hawai'i Island
56%
Outer Banks
54%
Lake Okeechobee
49%
Mount Shasta
32%

Score Distribution

Percentile by Number Answered

Percent of People with Each Score

Your Score History

You have not taken this quiz